Tour du monde des gratte-ciels légendaires (images) - Statistiques

Statistiques générales
  • Ce quiz a été pris 25 fois
  • Le résultat moyen est 6 sur 16
Statistiques - réponses
Par images Réponse % Correct
Empire State Building (New York)
100%
Burj Khalifa (Dubaï)
91%
Tour Petronas (Kuala Lumpur)
64%
The Shard (Londres)
55%
Tokyo Skytree (Tokyo)
55%
Willis Tower (Chicago)
45%
Marina Bay Sands (Singapour)
41%
Shanghai Tower (Shanghai)
36%
International Finance Centre (Hong Kong)
32%
Taipei 101 (Taipei)
32%
Lotte World Tower (Séoul)
27%
De Rotterdam (Rotterdam)
18%
The Strat (Las Vegas)
14%
Commerzbank Tower (Francfort)
9%
Turning Torso (Malmö)
9%
Lakhta Center (Saint-Pétersbourg)
5%
Aucun quiz correspondant
Distribution des résultats
% des personnes avec chaque résultat
Percentile par nombre de réponses
Votre historique - résultats
Vous n’avez pas pris ce quiz